[Event "IECG WC.2004.P.00009 email"]
[Site "IECG email"]
[Date "2001.01.22"]
[Round "?"]
[White "Pahlen, Hans"]
[Black "Sanchez, Luis"]
[Result "1-0"]
[WhiteElo "2192"]
[BlackElo "1809"]
[PlyCount "79"]
[EventDate "2001.01.22"]
[EventType "tourn (corr)"]
[EventRounds "8"]
[SourceTitle "Corr 2008"]
[Source "ChessBase"]
[SourceDate "2008.06.24"]
[SourceVersion "1"]
[SourceVersionDate "2008.06.24"]
[SourceQuality "1"]

1. d4 Nf6 2. c4 g6 3. Nc3 Bg7 4. e4 d6 5. Nf3 0-0 6. Be2 e5 7. 0-0 Nc6 8. d5 Ne7 9. b4 Nh5 10. Re1 Nf4 11. Bf1 a5 12. bxa5 Rxa5 13. a4 c5 14. Nb5 Ra6 15. Ra3 h6 16. Nd2 g5 17. g3 Nfg6 18. Be2 f5 19. exf5 Nxf5 20. Bh5 Nge7 21. Bg4 Nd4 22. Ne4 Bxg4 23. Qxg4 Nef5 24. Qd1 Qd7 25. Bb2 Rfa8 26. Bxd4 Nxd4 27. Nxd4 exd4 28. Qh5 Rf8 29. f4 gxf4 30. gxf4 Rxf4 31. Rg3 Qf5 32. Qxh6 Rg4 33. Nxd6 Rxg3+ 34. hxg3 Bxh6 35. Nxf5 Bg5 36. Re6 Kf7 37. Rxa6 bxa6 38. Nd6+ Ke7 39. Ne4 Be3+ 40. Kg2 1-0

[Event "IECG WC.2004.P.00009 email"]
[Site "IECG email"]
[Date "2001.01.22"]
[Round "?"]
[White "Pahlen, Hans"]
[Black "Vujadinovic, Milan"]
[Result "1/2-1/2"]
[WhiteElo "2192"]
[BlackElo "2014"]
[PlyCount "77"]
[EventDate "2001.01.22"]
[EventType "tourn (corr)"]
[EventRounds "8"]
[SourceTitle "Corr 2008"]
[Source "ChessBase"]
[SourceDate "2008.06.24"]
[SourceVersion "1"]
[SourceVersionDate "2008.06.24"]
[SourceQuality "1"]

1. d4 d5 2. c4 dxc4 3. Nf3 Nf6 4. e3 e6 5. Bxc4 c5 6. Qe2 a6 7. dxc5 Bxc5 8. 0-0 b5 9. Bd3 Nc6 10. Nbd2 Bb7 11. e4 Nd7 12. Nb3 Bd6 13. Rd1 Qb8 14. Be3 0-0 15. Rac1 Nce5 16. Nxe5 Nxe5 17. g3 Nxd3 18. Qxd3 Bc7 19. Nc5 Bc8 20. f4 a5 21. e5 b4 22. a3 Bb6 23. axb4 axb4 24. Qb3 Rd8 25. Qxb4 Rxd1+ 26. Rxd1 Qc7 27. Rd6 Bxc5 28. Qxc5 Qxc5 29. Bxc5 h5 30. b4 Bb7 31. Rd2 Bd5 32. Kf2 f5 33. Ke3 Ra3+ 34. Kd4 h4 35. b5 Ra4+ 36. Ke3 hxg3 37. hxg3 Ra5 38. Rb2 Ra2 39. Rxa2 1/2-1/2